|
|
|
|
| LEADER |
00000nam0a2200000 4500 |
| 001 |
41698 |
| 005 |
20231031014625.0 |
| 035 |
|
|
|a (RuTPU)RU\TPU\book\42828
|
| 090 |
|
|
|a 41698
|
| 100 |
|
|
|a 20020627d1976 m y0rusy50 ca
|
| 101 |
1 |
|
|a rus
|c eng
|
| 102 |
|
|
|a RU
|
| 105 |
|
|
|a a j 001zy
|
| 200 |
1 |
|
|a Квантовая теория света
|e пер. с англ.
|f Р. Лоудон
|
| 210 |
|
|
|a Москва
|c Мир
|d 1976
|
| 215 |
|
|
|a 488 с.
|c ил.
|
| 320 |
|
|
|a Библиогр. в конце глав.
|
| 320 |
|
|
|a Предм. указ.: с. 474-485.
|
| 330 |
|
|
|a Книга представляет собой учебник, в котором детально освещены основы квантовой теории электромагнитного излучения в оптическом диапазоне и его взаимодействия с веществом. В книге содержится практически весь нужный для понимания материал, так что у читателя не возникнет необходимости обращаться к каким-либо дополнительным руководствам. В виде задач рассмотрено около 75 различных важных проблем квантовой оптики. Представлены и проиллюстрированы все основные методы описания взаимодействия излучения с веществом. Даже при изложении традиционных вопросов автор обычно обращается к работам последних лет, поэтому все разделы книги отвечают современному уровню знаний. Книга предназначена для аспирантов и студентов старших курсов, специализирующихся в области квантовой оптики, квантовой электроники, теории взаимодействия излучения с веществом, физики и техники лазеров, спектроскопии.
|
| 610 |
1 |
|
|a квантовая оптика
|
| 610 |
1 |
|
|a свет
|
| 610 |
1 |
|
|a когерентность
|
| 610 |
1 |
|
|a излучение
|
| 610 |
1 |
|
|a фотоны
|
| 610 |
1 |
|
|a лазеры
|
| 610 |
1 |
|
|a атомы
|
| 610 |
1 |
|
|a рассеяние
|
| 610 |
1 |
|
|a нелинейная оптика
|
| 610 |
1 |
|
|a учебники
|
| 675 |
|
|
|a 535(075.8)
|v 3
|
| 700 |
|
1 |
|a Лоудон
|b Р.
|g Родни
|
| 801 |
|
1 |
|a RU
|b 63413507
|c 20020627
|g PSBO
|
| 801 |
|
2 |
|a RU
|b 63413507
|c 20150310
|g PSBO
|
| 942 |
|
|
|c BK
|